Statystyki dla Gdzie urodzili się ci piłkarze?

Kliknij tutaj aby rozwiązać quiz!

Ogólne statystyki

  • Ten quiz został rozwiązany 33 razy
  • Średni wynik to 4 z 15

Statystyki odpowiedzi

PiłkarzMiasto% Poprawnych
Miroslav KloseOpole
78%
Lukas PodolskiGliwice
59%
Kevin Prince BoatengBerlin
47%
Raheem SterlingKingston
41%
Ianis HagiStambuł
31%
Steve MandandaKinszasa
25%
Christian BentekeKinszasa
25%
Samuel UmtitiJaunde
16%
Breel EmboloJaunde
16%
Yvon MvogoJaunde
16%
Mateo KovačićLinz
9%
Sergiño DestAlmere
0%
Joel MatipBochum
0%
Hakan CalhanogluMannheim
0%
Marcus ThuramParma
0%

Rozkład punktacji

Percentyl według liczby udzielonych odpowiedzi

Procent ludzi z każdym wynikiem

Twoja historia wyników

Nie rozwiązałeś tego quizu